000 00983nam a2200241Ia 4500
003 OSt
005 20210527113026.0
008 210310s1993 ck ad gr 000 0 spa d
040 _aCO-JMCR
_cCO-JMCR
041 0 _aspa
082 0 4 _a337.861 /
_bO151i
_223
100 1 _aOcampo, Jose Antonio
_eautor
_96129
245 1 3 _aLa internacionalización de la economía colombiana
_cJosé Antonio Ocampo
260 _aBogotá :
_bFescol,
_c1993.
300 _a54 páginas :
_bilustraciones y gráficas en blanco y negro ;
_c21 cm.
490 0 _aSerie de documentos :
_aCladie
501 _aCon: notas a pie de página.
504 _aBibliografía: páginas 52-54.
505 0 _aUna vieja controversia. -- Desarrollo económico y protección en Colombia. -- El diseño del programa colombiano de apertura. -- Los efectos previsibles del programa de apertura.
650 1 4 _aDesarrollo económico
_zColombia
_96913
650 2 4 _aApertura económica
_zColombia
_97518
942 _2ddc
_cBK
999 _c11755
_d11755